Statystyki dla Wszystkie kluby z top 5 lig, sezon 23-24

Kliknij tutaj aby rozwiązać quiz!

Ogólne statystyki

  • Ten quiz został rozwiązany 130 razy
    (112 od ostatniego zresetowania)
  • Średni wynik to 46 z 96

Statystyki odpowiedzi

LigaKlub% Poprawnych
BundesligaBayern Monachium
95%
BundesligaBorussia Dortmund
92%
La Liga SantanderReal Madryt
92%
Ligue 1PSG
88%
La Liga SantanderBarcelona
87%
BundesligaBayer Leverkusen
87%
Premier LeagueManchester City
87%
Premier LeagueManchester United
87%
Premier LeagueArsenal
78%
La Liga SantanderAtletico Madryt
78%
Serie AAC Milan
77%
Premier LeagueChelsea
77%
Serie AInter Mediolan
77%
Serie AJuventus
73%
Premier LeagueLiverpool
73%
La Liga SantanderReal Sociedad
73%
Premier LeagueTottenham
73%
La Liga SantanderGirona
72%
Serie ANapoli
68%
Premier LeagueAston Villa
65%
Serie ALazio
65%
La Liga SantanderReal Betis
65%
La Liga SantanderValencia
65%
Serie AAS Roma
63%
La Liga SantanderAthletic Bilbao
63%
BundesligaRB Lipsk
63%
La Liga SantanderSevilla
62%
Premier LeagueEverton
60%
Premier LeagueLuton Town
60%
Premier LeagueWestham
60%
Premier LeagueCrystal Palace
58%
La Liga SantanderVillarreal
58%
BundesligaStuttgart
55%
Premier LeagueSheffield United
53%
BundesligaUnion Berlin
53%
Serie AAtalanta
52%
Premier LeagueBrighton
52%
Premier LeagueBurnley
52%
BundesligaBorussia Monchengladbach
50%
Serie AFiorentina
50%
Premier LeagueNewcastle
50%
BundesligaWolfsburg
50%
La Liga SantanderCadiz
48%
BundesligaKoln
48%
Premier LeagueWolverhampton
48%
La Liga SantanderAlmeria
47%
BundesligaBochum
47%
La Liga SantanderGetafe
47%
BundesligaEintracht Frankfurt
45%
Ligue 1AS Monaco
43%
Premier LeagueBrentford
43%
BundesligaFreiburg
43%
La Liga SantanderGranada
43%
Premier LeagueNottingham Forest
42%
Premier LeagueBournemouth
40%
Serie ASalernitana
40%
BundesligaAugsburg
38%
La Liga SantanderCelta Vigo
38%
Premier LeagueFulham
38%
BundesligaMainz
38%
Ligue 1Nice
38%
Serie ATorino
38%
BundesligaHoffenheim
37%
La Liga SantanderLas Palmas
37%
BundesligaWerder Brema
37%
BundesligaDarmstadt
35%
Serie AGenoa
35%
La Liga SantanderDeportivo Alaves
33%
BundesligaHeidenheim
33%
La Liga SantanderMallorca
33%
Ligue 1Olimpique Lyon
33%
La Liga SantanderRayo Vallecano
33%
Serie ABologna
32%
Ligue 1Olimpique Marsylia
32%
Serie ASassuolo
32%
Ligue 1Brest
30%
Serie AMonza
30%
La Liga SantanderOsasuna
28%
Serie AEmpoli
27%
Serie AHellas Verona
27%
Ligue 1RC Lens
27%
Serie AFrosinone
25%
Ligue 1Nantes
25%
Serie AUdinese
25%
Ligue 1Metz
22%
Ligue 1LOSC Lille
20%
Serie ACagliari
18%
Serie ALecce
18%
Ligue 1Montpellier
15%
Ligue 1Stade Reims
15%
Ligue 1Toulouse
13%
Ligue 1Le Havre
10%
Ligue 1Clermont Foot
7%
Ligue 1Lorient
7%
Ligue 1Stade Rennais
7%
Ligue 1RC Strasbourg
5%

Rozkład punktacji

Percentyl według liczby udzielonych odpowiedzi

Procent ludzi z każdym wynikiem

Twoja historia wyników

Nie rozwiązałeś tego quizu od ostatniego zresetowania